000 03101cam a22004454a 4500
001 59163
005 20230410115525.0
008 070608s2006 nyu b i000 0 eng d
010 _a 2007297355
035 _a(OCoLC)ocm85483261
040 _aOSU
_cOSU
_dDLC
_dILI
_dBAKER
_dNLGGC
_dGZM
_dCUS
_dCOD
_dTJC
020 _a9789211045635 (pbk.)
020 _a9211045630 (pbk.)
029 1 _aNLGGC
_b302527133
029 1 _aAU@
_b000042054796
035 _a(OCoLC)85483261
037 _aE.06.II.A.6
_bUnited Nations
042 _alccopycat
050 1 4 _aHD5713.3
_bF85 2006
082 0 0 _a331.12/0424
_222
084 _a83.40
_2bcl
245 0 0 _aFull and productive employment and decent work :
_bdialogues at the Economic and Social Council /
_cDepartment of Economic and Social Affairs, Office for ECOSOC Support and Coordination.
260 _aNew York :
_bUnited Nations,
_c2006.
300 _axiii, 289 p. ;
_c23 cm.
504 _aIncludes bibliographical references.
505 2 _aWorking out of poverty -- Growth and employment : creating a national environment conducive to full and productive employment and decent work -- An integrated global agenda to achieve full and productive employment and decent work -- Promoting productive employment and decent work for women and young people -- The challenge of globalization : labour migration -- Meeting the challenges of employment creation in Africa, least developed and crisis-affected countries -- Contributions of non-governmental organizations -- The regional dimension of creating an environment conducive to generating full and productive employment : dialogue with the executive secretaries of regional commissions -- A new vision for ECOSOC : driving the implementation of the global agenda.
520 _aAt the 2005 World Summit, United Nations Member States supported a fair globalization and the attendant goals of full and productive employment and decent work for all, particularly through policies and efforts designed to achieve the Millennium Development Goal of cutting extreme poverty and hunger in half by 2015. This book presents an overview of the dialogues that took place in the Economic and Social Council on the theme of "Creating an environment at the national and international levels conductive to generating full and productive employment and decent work for all, and its impact on sustainable development".--Publisher's description.
530 _aAvailable both in print and online.
650 0 _aJob creation
_vCongresses.
650 0 _aFull employment policies
_vCongresses.
650 1 7 _aWerkgelegenheidsbeleid.
_2gtt
650 1 7 _aInternationale economische politiek.
_2gtt
650 1 7 _aVolledige werkgelegenheid.
_2gtt
710 2 _aUnited Nations.
_bOffice for ECOSOC Support and Coordination.
710 2 _aUnited Nations.
_bEconomic and Social Council.
856 _uhttp://www.un.org/ecosoc/docs/pdfs/ECOSOC_BOOK_2006.pdf
_zClick here to view publication online
938 _aBaker & Taylor
_bBKTY
_c45.00
_d45.00
_i9211045630
_n0007150037
_sactive
942 _2lcc
_cbk
994 _aC0
_bDRFGD
999 _c42907
_d42907